Statystyki dla Najchętniej kupowane marki nowych samochodów w Polsce

Kliknij tutaj aby rozwiązać quiz!

Ogólne statystyki

  • Ten quiz został rozwiązany 719 razy
    (164 od ostatniego zresetowania)
  • Średni wynik to 20 z 30

Statystyki odpowiedzi

L.p.Kraj pochodzeniaLiczba sprzedanych egzemplarzyMarka samochodu% Poprawnych
9Niemcy19 323Audi
94%
6Niemcy23 806BMW
93%
2Czechy42 067Skoda
90%
1Japonia73 862Toyota
90%
7Niemcy21 356Mercedes
88%
4Niemcy30 814Volkswagen
88%
16Włochy6443Fiat
86%
14Niemcy9343Opel
82%
10USA16 423Ford
80%
22Japonia3220Honda
79%
13Francja9794Peugeot
79%
21Hiszpania4543Seat
79%
5Korea Południowa26 887Hyundai
77%
11Francja14 559Renault
77%
3Korea Południowa33 714Kia
76%
12Szwecja10 947Volvo
72%
8Rumunia20 718Dacia
71%
17Francja6127Citroen
70%
18Japonia6028Nissan
70%
15Japonia7255Mazda
64%
25Niemcy2997Porsche
61%
30Japonia1481Mitsubishi
54%
28Włochy1678Alfa Romeo
51%
20Japonia5149Suzuki
51%
26USA1953Jeep
41%
27Wielka Brytania1918Land Rover
38%
19Japonia5657Lexus
38%
24Wielka Brytania3021Mini
33%
23Hiszpania3073Cupra
23%
29Korea Południowa1612SsangYong
17%

Rozkład punktacji

Percentyl według liczby udzielonych odpowiedzi

Procent ludzi z każdym wynikiem

Twoja historia wyników

Nie rozwiązałeś tego quizu od ostatniego zresetowania